États des États-Unis les plus Français - Statistiques

Statistiques générales
  • Ce quiz a été pris 86 fois
  • Le résultat moyen est 5 sur 10
Statistiques - réponses
% État % Correct
16.2 Louisiane
98%
23.9 Vermont
57%
25.0 Maine
56%
12.9 Massachusetts
52%
24.5 New Hampshire
48%
6.8 Michigan
46%
17.2 Rhode Island
41%
9.9 Connecticut
40%
5.3 Minnesota
20%
5.3 Montana
18%
Aucun quiz correspondant
Distribution des résultats
% des personnes avec chaque résultat
Percentile par nombre de réponses
Votre historique - résultats
Vous n’avez pas pris ce quiz